The Boston Marathon bombing: the successful application of crisis response, management, and community-centred policing

American policing remains grounded in the fundamentals of community policing - partnerships, problem-solving, and prevention - yet it is simultaneously shaped by post–11 September homeland security policy. Undeniably, 21st-century policing reflects a ‘new norm’ that calls for a bridge between commun...

Ausführliche Beschreibung

Gespeichert in:  
Bibliographische Detailangaben
VerfasserInnen: Bond-Fortier, Brenda J. (Verfasst von) ; Davis, Edward F. (Verfasst von)
Medienart: Druck Aufsatz
Sprache:Englisch
Veröffentlicht: 2025
In: Routledge international handbook of policing crises and emergencies
Jahr: 2025, Seiten: 329-342
Verfügbarkeit prüfen: HBZ Gateway

MARC

LEADER 00000naa a2200000 c 4500
001 1940709830
003 DE-627
005 20251110085616.0
007 tu
008 251110s2025 xx ||||| 00| ||eng c
020 |a 9781032207872 
035 |a (DE-627)1940709830 
035 |a (DE-599)KXP1940709830 
040 |a DE-627  |b ger  |c DE-627  |e rda 
041 |a eng 
084 |a 2,1  |2 ssgn 
100 1 |a Bond-Fortier, Brenda J.  |e VerfasserIn  |0 (orcid)0000-0003-1980-9929  |4 aut 
245 1 4 |a The Boston Marathon bombing  |b the successful application of crisis response, management, and community-centred policing  |c Brenda J. Bond-Fortier and Edward F. Davis 
264 1 |c 2025 
300 |b Illustration 
336 |a Text  |b txt  |2 rdacontent 
337 |a ohne Hilfsmittel zu benutzen  |b n  |2 rdamedia 
338 |a Band  |b nc  |2 rdacarrier 
500 |a Literaturverzeichnis: Seite 341-342 
520 |a American policing remains grounded in the fundamentals of community policing - partnerships, problem-solving, and prevention - yet it is simultaneously shaped by post–11 September homeland security policy. Undeniably, 21st-century policing reflects a ‘new norm’ that calls for a bridge between community policing and homeland security at the local level. The events surrounding the 2013 Boston Marathon bombing revealed how community policing and homeland security principles and practices are equally necessary to ensure public safety. Through lessons identified by leaders locally and across the globe, this chapter explores how the Boston Marathon bombing response relied on preparation, planning, collaboration, and communication, within a new policy context that brought policing and the community to a different level of understanding and action. The chapter uses real-life examples and storytelling to highlight successes and failures during the Boston Marathon bombing response. These stories will present powerful lessons that offer practitioners and scholars insight into the experiences of police thrust into crises. This is the story of ‘Boston Strong’. 
700 1 |a Davis, Edward F.  |e VerfasserIn  |4 aut 
773 0 8 |i Enthalten in  |t Routledge international handbook of policing crises and emergencies  |d London : Routledge, 2025  |g (2025), Seite 329-342  |h xxxii, 534 Seiten  |w (DE-627)1882540905  |z 9781032207858  |z 9781032207872  |7 nnam 
773 1 8 |g year:2025  |g pages:329-342 
776 1 |o 10.4324/9781003265214-26 
951 |a AR 
ELC |b 1 
LOK |0 000 xxxxxcx a22 zn 4500 
LOK |0 001 4801790380 
LOK |0 003 DE-627 
LOK |0 004 1940709830 
LOK |0 005 20251110085616 
LOK |0 008 251110||||||||||||||||ger||||||| 
LOK |0 040   |a DE-2619  |c DE-627  |d DE-2619 
LOK |0 092   |o n 
LOK |0 852   |a DE-2619 
LOK |0 852 1  |9 00 
LOK |0 939   |a 10-11-25  |b l01 
ORI |a SA-MARC-krimdoka001.raw